000 01391nam0a2200313 i 4500
001 RU\NLR\BIBL_A\010543804
005 20241103110207.0
010 _a9785990512214
_9100
021 _aRU
_b2014-71543
_94383
035 _a(NILC)RuMoRGB-007556922
035 _a(NLR Aleph) 010543804
090 _a10306796
_c10306796
100 _a20141125d2014 km y0rusy50 ca
101 0 _arus
102 _aRU
105 _aa|||j||||00yy
200 1 _aСтруктура композиции
_eучебное пособие
_eдля студентов высших учебных заведений, обучающихся по специальности 070601.65 "Дизайн" (графический дизайн)
_fЕ. И. Одинцова
210 _aНабережные Челны
_cГазетное книжное издательство
_d2014
215 _a223 с.
_cил., цв. ил.
_d25
320 _aБиблиогр.: с. 222-223 (45 назв.)
606 _aКомпозиция
_jУчебные издания для высших учебных заведений
_xв изобразительном искусстве
_91275251
_3RU\NLR\AUTH\66525369
686 1 _aЩ100.50я73
700 1 _aОдинцова
_bЕ. И.
801 0 _aRU
_bРГБ
_c20140923
_gRCR
801 1 _aRU
_bРГБ
_c20140923
_2rusmarc
942 _cBOOK
980 _aNBR